Johnny Cash - Folsom Prison Blues Lyrics Quiz - Statistics

General Stats
  • This quiz has been taken 222 times
  • The average score is 125 of 172
Answer Stats
Answer % Correct
I
100%
a
99%
in
95%
the
95%
and
94%
when
94%
be
93%
hear
93%
train
93%
Folsom
92%
prison
92%
a-comin
90%
dont
90%
it
89%
a-rollin
88%
know
88%
to
87%
seen
86%
that
86%
my
85%
but
84%
me
84%
since
84%
aint
83%
bend
83%
its
83%
round
83%
stuck
83%
sunshine
83%
what
83%
just
82%
him
81%
keep
81%
Im
80%
man
80%
shot
80%
on
79%
was
79%
watch
79%
die
78%
keeps
78%
Reno
78%
son
78%
down
76%
with
76%
good
75%
play
75%
told
75%
boy
74%
guns
74%
head
74%
cry
73%
ever
73%
time
73%
rolling
72%
always
71%
baby
69%
draggin
69%
hang
69%
whistle
65%
mama
64%
San
63%
blow
61%
big
55%
car
55%
cigars
55%
smoking
55%
thats
55%
they
54%
blowing
53%
cant
53%
drinking
52%
free
51%
coffee
50%
coming
50%
dining
50%
fancy
50%
folks
50%
rich
50%
Antone
49%
they're
47%
blues
46%
probably
46%
bet
45%
eating
45%
theres
45%
tortures
45%
a-movin
41%
from
37%
if
37%
this
37%
where
37%
I'd
35%
line
34%
people
34%
those
34%
away
33%
mine
32%
far
31%
little
31%
move
31%
railroad
31%
want
31%
freed
29%
well
29%
farther
28%
lonesome
28%
stay
26%
let
22%
No matching quizzes found
Score Distribution
Percent of People with Each Score
Percentile by Number Answered
Your Score History
You have not taken this quiz